Downside to teleworking. (Record no. 61249)
[ view plain ]
| 000 -LEADER | |
|---|---|
| fixed length control field | 00709cam a2200169 4500 |
| 001 - CONTROL NUMBER | |
| control field | WB3528-13 |
| 008 - FIXED-LENGTH DATA ELEMENTS--GENERAL INFORMATION | |
| fixed length control field | 000000n1999 000 0 eng u |
| 035 ## - SYSTEM CONTROL NUMBER | |
| System control number | (Sirsi) u102159 |
| 245 ## - TITLE STATEMENT | |
| Title | Downside to teleworking. |
| 260 ## - PUBLICATION, DISTRIBUTION, ETC. | |
| Date of publication, distribution, etc. | 1999 |
| 490 ## - SERIES STATEMENT | |
| Series statement | Estates Gazette |
| Volume/sequential designation | (9928) 17 July 1999, 112(1) |
| 520 ## - SUMMARY, ETC. | |
| Summary, etc. | A report by Sulzer Infra CBX, Home or away? teleworking today, shows that the majority of teleworkers are squashed into home work areas without adequate space in environments that may not be safe or legal. Copies of the report are available from Enigma (0171 510 5950 or [email protected]). |
| 650 ## - SUBJECT ADDED ENTRY--TOPICAL TERM | |
| Topical term or geographic name entry element | WORKSTYLES |
| 650 ## - SUBJECT ADDED ENTRY--TOPICAL TERM | |
| Topical term or geographic name entry element | TELEWORKING |
| 690 ## - LOCAL SUBJECT ADDED ENTRY--TOPICAL TERM (OCLC, RLIN) | |
| Topical term or geographic name as entry element | ECONOMIC AND SOCIAL |
| 942 ## - ADDED ENTRY ELEMENTS (KOHA) | |
| Suppress in OPAC | 0 |
| Withdrawn status | Lost status | Source of classification or shelving scheme | Damaged status | Not for loan | Home library | Current library | Shelving location | Date acquired | Total Checkouts | Full call number | Barcode | Date last seen | Copy number | Price effective from | Koha item type |
|---|---|---|---|---|---|---|---|---|---|---|---|---|---|---|---|
| Dewey Decimal Classification | London | London | News article | 16/11/1999 | WB3528-13 | 102159-1001 | 06/08/2019 | 1 | 06/08/2019 | News article |